LEADER 00910nam0 2200265 450 001 000012104 005 20080530103201.0 100 $a20080530d1961----km-y0itay50------ba 101 0 $aeng 102 $aUS 105 $ay-------001yy 200 1 $aMathematical handbook for scientists and engineers$edefinitions, theorems, and formulas for reference and review$fGranino A. Korn, Theresa M. Korn 210 $aNew York$cMcGraw-Hill$d1961 215 $aXIII, 943 p.$d24 cm 225 2 $aMcGraw-Hill handbooks 410 0$12001$aMcGraw-Hill handbooks 610 1 $aMatematica applicata$aManuali 676 $a510.1$v19 700 1$aKorn,$bGranino Arthur$01124 701 1$aKorn,$bTheresa M.$01125 801 0$aIT$bUNIPARTHENOPE$c20080529$gRICA$2UNIMARC 912 $a000012104 951 $a510.1/101$b14714$cNAVA1 996 $aMathematical handbook for scientists and engineers$9118658 997 $aUNIPARTHENOPE